| 000 | 01841cam a22003974i 4500 | ||
|---|---|---|---|
| 003 | PE-LiUPU | ||
| 005 | 20250731183421.0 | ||
| 008 | 150625s r 000 0 d | ||
| 020 | _a9871004621 | ||
| 035 | _a(Sirsi) i9789871004621 | ||
| 040 |
_aPE-LiUPU _bspa _cPE-LiUPU _erda |
||
| 049 | _aPRUA | ||
| 082 | 0 | 4 |
_a791.446 _bP45 _221 |
| 100 | 1 |
_aPérez Cotten, Marcelo, _eautor. |
|
| 245 | 1 | 3 |
_aLa entrevista radial / _cMarcelo Pérez Cotten y Nerio Tello. |
| 264 | 1 |
_aBuenos Aires : _bLa Cirujía, _c2004. |
|
| 300 |
_a160 páginas ; _c20 centímetros |
||
| 336 |
_atext _2rdacontent |
||
| 337 |
_aunmediated _2rdamedia |
||
| 338 |
_avolume _2rdacarrier |
||
| 490 | 0 | _aInclusiones. herramientas | |
| 505 | 0 | _aLa entrevista radial, el impacto directo de la palabra. -Qué es una entrevista periodistica. -La entrevista, objeto del deseo. -Características y tipos de entrevistas. -La entrevista tiene un para què. -La relación vincular. -Similtitudes y diferencias entre las entrevistas gráficas televisivas y radiales. -Cómo se prepara la entrevista para radio. -Cómo se realiza una entrevista para radio. -La palabra radial. . | |
| 526 | _aP158 | ||
| 526 | _aP146 | ||
| 526 | _aP17 | ||
| 526 | _aP12 | ||
| 526 | _aP06 | ||
| 650 | 0 | 4 |
_aRadio _xEntrevistas. |
| 700 | 1 |
_aTello, Nerio, _ecaout. |
|
| 942 |
_2ddc _cBOOK |
||
| 949 |
_a791.446 P45 _wDEWEY _c1 _i57191 _lCCODEBUL1 _mBUL _p25.00 _r0 _sY _tBOOK _u2015-6-25 _xEDUCACION _PP07 _0COMPRA _o.STAFF. Colección General |
||
| 994 |
_aC0 _bPEPRU |
||
| 596 | _a1 | ||
| 999 |
_a791.446 P45 _wDEWEY _c46297 _i57191 _e2017-4-17 _f2021-11-8 _g5 _lCCODEBUL1 _mBUL _n1 _p25.00 _r0 _sY _tBOOK _u2015-6-25 _xEDUCACION _PP07 _0COMPRA _o.STAFF. Colección General _d46297 |
||
| 980 |
_81 _gALBERTO SANCHEZ Responsable de Automatización |
||